Statistics for Game of Thrones - House Stark Family Members Quiz

Click here to take the quiz!

General Stats

  • This quiz has been taken 184 times
  • The average score is 10 of 10

Answer Stats

Answer% Correct
Sansa
100%
Arya
99%
Brandon
99%
FatherEddard
99%
Jon
98%
ChildrenRobb
98%
Rickon
97%
MotherCatelyn
95%
Benjen
93%
Lyanna
93%

Score Distribution

Percentile by Number Answered

Percent of People with Each Score

Your Score History

You have not taken this quiz